|
|
|
|
| LEADER |
00000nab a2200000 ar4500 |
| 001 |
vtls009089504 |
| 003 |
SK-MaSNL |
| 005 |
20260305031846.0 |
| 008 |
070827c2007 xo wr|p|||||||000 b|slo |
| 038 |
|
|
|a PPPK
|
| 040 |
|
|
|a PPPKCL
|b slo
|c PPPKCL
|e AACR2
|
| 041 |
0 |
|
|a slo
|
| 044 |
|
|
|a xo
|c SK
|
| 080 |
|
|
|a 314.74:323.1
|2 1997
|
| 080 |
|
|
|a 061.23:061.3
|2 1997
|
| 080 |
|
|
|a 061.3
|2 1997
|
| 245 |
0 |
0 |
|a O európskej migrácii
|c [autor] (plk)
|
| 300 |
|
|
|b Fotogr.
|
| 648 |
|
7 |
|a 2007
|2 SNK
|9 313226
|
| 650 |
0 |
7 |
|a humanitárne organizácie
|2 SNKPH
|9 69826
|
| 650 |
0 |
7 |
|a migrácia obyvateľstva
|2 SNKPH
|9 3839
|
| 650 |
0 |
7 |
|a migračná politika
|2 SNKPH
|9 3787
|
| 650 |
0 |
7 |
|a medzinárodné projekty
|2 SNKPH
|9 67215
|
| 650 |
0 |
7 |
|a workshopy
|2 SNKPH
|9 26475
|
| 650 |
0 |
7 |
|a informačné kampane
|2 SNKPH
|9 620736
|
| 651 |
|
7 |
|a Stará Lesná (Slovensko)
|2 SNKPHgeo
|9 54511
|
| 651 |
|
7 |
|a Kežmarok (Slovensko : okres)
|2 SNKPHgeo
|9 51824
|
| 773 |
0 |
|
|t Podtatranské noviny
|g Roč. XLVIII, č. 7 (2007), s. 1 a 2
|
| 852 |
|
|
|a PPPK
|b KIS3GCP
|
| 999 |
|
|
|c 3317764
|d 3319694
|